000
00257nam a2200097Ia 4500
008
131103s9999 xx 000 0 und d
040
_a
Loreto College
041
_a
English
245
_a
Arristotle's poeticsand English literature
_b
a collection
942
_c
BK
999
_c
1699
_d
52178